00366nam a2200145Ia 4500003000400000005001700004008004100021040000900062082002000071100002200091245003300113260004400146300000800190650002200198OSt20210104115136.0190216s9999||||xx |||||||||||||| ||und|| coclc a894.8121bNAI/A aNair, A Chandran  0aAtmalapam /cA Chandran Nair bPoorna Publication,c2000.a Kozhikode: a91p aMalayalam Kavitha